[Event "Linden- FS Dortmund"]
[Site "?"]
[Date "2023.03.19"]
[Round "6.3"]
[White "Schulz, Oliver"]
[Black "Kandyba, Andriy"]
[Result "1/2-1/2"]
[WhiteElo "2099"]
[BlackElo "1951"]
[PlyCount "75"]
[SourceDate "2022.10.02"]

1. d4 Nf6 2. c4 c5 3. d5 e6 4. Nc3 exd5 5. cxd5 d6 6. e4 a6 7. a4 Be7 8. Be2
O-O 9. Nf3 Bg4 10. Nd2 Bxe2 11. Qxe2 Re8 12. O-O Nbd7 13. f4 Bf8 14. Qf3 b5 15.
axb5 axb5 16. Rxa8 Qxa8 17. Nxb5 Qa4 18. Nc3 Qd4+ 19. Qf2 g6 20. Re1 Ng4 21.
Qxd4 cxd4 22. Na4 Ne3 23. b3 Nxd5 24. Nf3 Nb4 25. Rd1 Nc5 26. Rxd4 Nxb3 27.
Rxb4 Nxc1 28. Nc3 Nd3 29. Nd5 Kg7 30. Ra4 Rc8 31. h3 Rc1+ 32. Kh2 Nc5 33. Rb4
h6 34. h4 Rd1 35. Nc3 Rc1 36. Nd5 Rd1 37. Nc3 Rc1 38. Nd5 1/2-1/2

[Event "Linden- FS Dortmund"]
[Site "?"]
[Date "2023.03.19"]
[Round "6.4"]
[White "Schmidt, Ralph"]
[Black "Alghawi, Abdullah"]
[Result "1-0"]
[WhiteElo "1959"]
[BlackElo "1865"]
[PlyCount "107"]
[SourceDate "2022.10.02"]

1. e4 c5 2. Nc3 d6 3. d3 Nc6 4. Be3 g6 5. d4 cxd4 6. Bxd4 Nf6 7. Bxf6 exf6 8.
Bc4 Bg7 9. Nge2 O-O 10. O-O Ne5 11. Bb3 f5 12. Qd2 fxe4 13. Nxe4 Qh4 14. Qf4
Ng4 15. h3 Be5 16. Qg5 Qxg5 17. Nxg5 Nf6 18. c3 d5 19. Rad1 h6 20. Nf3 Bc7 21.
Rd2 Bd7 22. Rfd1 Bc6 23. Ned4 Rfe8 24. Nxc6 bxc6 25. Ba4 Ne4 26. Bxc6 Nxd2 27.
Rxd2 Rab8 28. Bxe8 Rxe8 29. Rxd5 Re2 30. Rd2 Rxd2 31. Nxd2 f5 32. Kf1 Kf7 33.
Ke2 Ke6 34. Nc4 Kd5 35. Kd3 h5 36. b4 g5 37. Ne3+ Ke5 38. c4 g4 39. Nd5 Bd8 40.
f4+ gxf3 41. gxf3 f4 42. Nc3 Kf5 43. Ne4 Ke5 44. c5 a5 45. a3 Kd5 46. Nc3+ Ke5
47. Kc4 Kf5 48. Ne4 Ke6 49. c6 a4 50. Kc5 h4 51. b5 Ba5 52. b6 Ke7 53. c7 Kd7
54. Nd6 1-0

[Event "Linden- FS Dortmund"]
[Site "?"]
[Date "2023.03.19"]
[Round "6.5"]
[White "Bendemuehl, Bernd"]
[Black "Hochstein, Udo"]
[Result "1/2-1/2"]
[WhiteElo "1929"]
[BlackElo "2013"]
[PlyCount "95"]
[SourceDate "2022.10.02"]

1. e4 c5 2. Nf3 e6 3. d4 cxd4 4. Nxd4 Nf6 5. Nc3 d6 6. Be2 Be7 7. O-O Nc6 8.
Be3 a6 9. Qd2 O-O 10. f4 Qc7 11. Bf3 Nd7 12. Nb3 b5 13. Qf2 Rb8 14. Rad1 Nb6
15. Kh1 Nc4 16. Bc1 Bf6 17. a3 b4 18. axb4 Nxb4 19. g4 Nxb2 20. Bxb2 Bxc3 21.
Bxc3 Qxc3 22. Rxd6 Qxc2 23. Qxc2 Nxc2 24. Nc5 a5 25. Rc1 Nb4 26. Ra1 Rb5 27.
Rc1 Bb7 28. Nxb7 Rxb7 29. e5 Ra7 30. Be4 g6 31. f5 exf5 32. gxf5 Re8 33. e6
fxe6 34. fxg6 h6 35. Rb6 Kg7 36. Ra1 Nd5 37. Bxd5 exd5 38. Rb5 Rd8 39. Raxa5
Rxa5 40. Rxa5 d4 41. Kg2 d3 42. Ra1 d2 43. Rd1 Kxg6 44. Kf3 Kg5 45. Ke3 Kh4 46.
Rxd2 Rxd2 47. Kxd2 Kh3 48. Ke2 1/2-1/2

[Event "Linden- FS Dortmund"]
[Site "?"]
[Date "2023.03.19"]
[Round "6.6"]
[White "Boemelburg, Hans- Juergen"]
[Black "Grube, Joerg"]
[Result "1/2-1/2"]
[WhiteElo "1709"]
[BlackElo "1815"]
[PlyCount "91"]
[SourceDate "2022.10.02"]

1. e4 c5 2. Nf3 d6 3. g3 Nf6 4. d3 g6 5. Bg2 Bg7 6. O-O O-O 7. Nbd2 Nc6 8. Re1
Rb8 9. Nf1 b5 10. c3 a5 11. e5 dxe5 12. Nxe5 Nxe5 13. Rxe5 Nd7 14. Re1 Bb7 15.
Bxb7 Rxb7 16. h4 Ne5 17. Re3 Rd7 18. Qe2 Nxd3 19. Re4 Nxc1 20. Rxc1 c4 21. a4
bxa4 22. Rxc4 a3 23. bxa3 Rd3 24. Rc2 Qd7 25. Rd2 Rxd2 26. Qxd2 Qb5 27. Qd3 Rb8
28. Rc8+ Bf8 29. Qxb5 Rxb5 30. a4 Rb1 31. Kg2 Ra1 32. Rc4 e6 33. Nd2 Ra3 34.
Ne4 h6 35. Nf6+ Kg7 36. Nd7 Be7 37. Kf3 f5 38. Ke2 g5 39. hxg5 hxg5 40. f3 Kf7
41. Ne5+ Kf6 42. Nc6 Bd6 43. g4 Ra2+ 44. Kf1 Ra1+ 45. Kg2 Ra2+ 46. Kf1 1/2-1/2

[Event "Linden- FS Dortmund"]
[Site "?"]
[Date "2023.03.19"]
[Round "6.7"]
[White "Schulz- Runge, Michael"]
[Black "Pappert, Thomas"]
[Result "0-1"]
[WhiteElo "1801"]
[BlackElo "1803"]
[PlyCount "48"]
[SourceDate "2022.10.02"]

1. c4 c5 2. g3 g6 3. Bg2 Bg7 4. Nc3 Nc6 5. e3 e6 6. d3 Nge7 7. e4 O-O 8. Be3 b6
9. Nge2 Bb7 10. O-O Rb8 11. Qd2 d5 12. exd5 exd5 13. Bg5 Qd7 14. Rad1 d4 15.
Ne4 f5 16. Bh3 Ne5 17. f3 Rbe8 18. Bh6 Qc6 19. Bxg7 Kxg7 20. Qf4 Ng8 21. Bg2
fxe4 22. Qxe4 Qd7 23. Qh4 Nxf3+ 24. Bxf3 Bxf3 0-1

[Event "Eving- Kupferdreh"]
[Site "?"]
[Date "2023.03.19"]
[Round "6.1"]
[White "Schaefer, Johannes"]
[Black "Sprungala, Erik"]
[Result "1-0"]
[WhiteElo "1718"]
[BlackElo "1985"]
[Annotator "daniel"]
[PlyCount "91"]
[SourceDate "2022.10.02"]

1. d4 Nf6 2. Bf4 e6 3. e3 b6 4. Nf3 Bb7 5. Nbd2 Be7 6. Bd3 Nh5 7. O-O Nxf4 8.
exf4 c5 9. c3 Qc7 10. g3 Nc6 11. Re1 g6 12. Nc4 O-O 13. Nce5 d6 14. Ng4 h5 15.
Ne3 Bf6 16. Rc1 Ne7 17. Ng2 Rac8 18. Qe2 Nf5 19. Be4 Bxe4 20. Qxe4 cxd4 21.
cxd4 Qxc1 22. Rxc1 Rxc1+ 23. Nge1 $11 d5 24. Qe2 Nxd4 25. Nxd4 Bxd4 26. Kg2
Rfc8 27. b3 R8c3 28. h3 a5 29. g4 h4 30. f5 gxf5 31. gxf5 exf5 32. Qe8+ Kg7 33.
Nf3 Bf6 34. Qd7 Rd1 35. Qxf5 d4 36. Nxh4 Rdd3 37. Qg4+ Kf8 38. Nf5 Rc5 39. Qe4
Rdc3 40. Nxd4 Rg5+ 41. Kh2 $11 Be5+ 42. f4 Bc7 $11 43. Nf5 Rxf5 44. Qxf5 Ke7
45. Qe4+ Kf8 46. h4 1-0

[Event "Eving- Kupferdreh"]
[Site "?"]
[Date "2023.03.19"]
[Round "6.2"]
[White "Michalek, Franz"]
[Black "Krimphoff, Ingo"]
[Result "0-1"]
[WhiteElo "1896"]
[BlackElo "2047"]
[PlyCount "140"]
[SourceDate "2022.10.02"]

1. d4 d5 2. Nf3 Nf6 3. c3 c5 4. dxc5 e6 5. b4 a5 6. e3 axb4 7. cxb4 Bd7 8. Bb2
b6 9. Bd3 bxc5 10. bxc5 Bxc5 11. O-O Nc6 12. Ne5 Qb6 13. Qe2 Rb8 14. Nxd7 Nxd7
15. Bxg7 Rg8 16. Bc3 Bb4 17. a3 Bxc3 18. Nxc3 Qa5 19. Qc2 Nce5 20. Be2 Rc8 21.
Rfc1 Ke7 22. Qa4 Qxa4 23. Nxa4 Ra8 24. Nc5 Nb6 25. a4 Nbc4 26. Nd3 Nc6 27. Rc2
Rgb8 28. e4 Nd4 29. Rca2 dxe4 30. Nf4 Nxe2+ 31. Nxe2 Ra6 32. Nc3 Nd6 33. Ra3
Nc4 34. R3a2 Nd6 35. Ne2 Rb4 36. g3 Kd7 37. Kg2 Kc7 38. Rc2+ Rc4 39. Rxc4+ Nxc4
40. Rc1 Rc6 41. Nc3 Nd6 42. Kf1 Kb6 43. Ke2 Rc4 44. g4 Ka5 45. Ke3 f6 46. h4 h6
47. Ke2 Nf7 48. Kd2 Ne5 49. Ne2 Rxc1 50. Kxc1 Nxg4 51. Nc3 Nxf2 52. Kd2 f5 53.
Ke3 Ng4+ 54. Kf4 e3 55. Kf3 Kb4 56. Ne2 Kxa4 57. Nd4 Kb4 58. Nxe6 Kc4 59. Nf4
Kd4 60. h5 Ne5+ 61. Ke2 Ke4 62. Ne6 f4 63. Nc5+ Kf5 64. Nb3 Kg4 65. Na1 Kxh5
66. Nc2 Kg4 67. Nxe3+ fxe3 68. Kxe3 Kg3 69. Ke2 h5 70. Kf1 Nf3 0-1

[Event "Eving- Kupferdreh"]
[Site "?"]
[Date "2023.03.19"]
[Round "6.3"]
[White "Praemaßing, Reiner"]
[Black "Krause, Dieter"]
[Result "1-0"]
[WhiteElo "1850"]
[BlackElo "2030"]
[PlyCount "89"]
[SourceDate "2022.10.02"]

1. e4 c5 2. Nc3 Nc6 3. g3 g6 4. Bg2 Bg7 5. d3 d6 6. Nge2 e6 7. Be3 Nd4 8. Qd2
Rb8 9. a4 b6 10. Nd1 a6 11. Nc1 e5 12. c3 Ne6 13. O-O Ne7 14. f4 f5 15. Ne2 Bb7
16. g4 exf4 17. Nxf4 Nxf4 18. Bxf4 O-O 19. gxf5 gxf5 20. Bg5 Qe8 21. Ne3 fxe4
22. dxe4 Be5 23. Rxf8+ Qxf8 24. Rf1 Qg7 25. Bxe7 Qxe7 26. Nf5 Qe6 27. Nh6+ Kh8
28. Nf7+ Kg7 29. Ng5 Qg6 30. Rf7+ Kg8 31. Bh3 Bc8 32. Bf5 Bxf5 33. exf5 Qxf7
34. Nxf7 Kxf7 35. Qh6 Rg8+ 36. Kf2 Bf6 37. Qxh7+ Rg7 38. Qh5+ Kf8 39. Qh8+ Kf7
40. Qb8 Be5 41. Qxb6 Rg5 42. Qxa6 Rxf5+ 43. Ke2 Rh5 44. Qb7+ Ke6 45. h3 1-0

[Event "Eving- Kupferdreh"]
[Site "?"]
[Date "2023.03.19"]
[Round "6.4"]
[White "Pahne, Dirk"]
[Black "Unteregge, Michael"]
[Result "1/2-1/2"]
[WhiteElo "1907"]
[BlackElo "2052"]
[PlyCount "55"]
[SourceDate "2022.10.02"]

1. e4 c6 2. g3 d5 3. exd5 cxd5 4. d4 Bf5 5. Bg2 Nf6 6. Nf3 Nc6 7. O-O e6 8. c3
Bd6 9. Bg5 h6 10. Bxf6 Qxf6 11. Qb3 Rb8 12. Nbd2 O-O 13. Rfe1 Rfc8 14. Re3 b5
15. Rae1 Na5 16. Qd1 Nc4 17. Nxc4 bxc4 18. b4 cxb3 19. axb3 Rc7 20. Ne5 Rbc8
21. Qa1 Bxe5 22. dxe5 Qe7 23. Bf1 Qc5 24. Kg2 Qb6 25. c4 d4 26. Rf3 Rd8 27. Bd3
Bxd3 28. Rxd3 1/2-1/2

[Event "Eving- Kupferdreh"]
[Site "?"]
[Date "2023.03.19"]
[Round "6.5"]
[White "Degner, Friedhelm"]
[Black "Nathe, Nico"]
[Result "0-1"]
[WhiteElo "1924"]
[BlackElo "1733"]
[PlyCount "40"]
[SourceDate "2022.10.02"]

1. Nc3 d5 2. e4 dxe4 3. Nxe4 g6 4. d4 Bg7 5. c3 Nf6 6. Bd3 O-O 7. Nf3 b6 8. O-O
Bb7 9. Re1 Nbd7 10. Qe2 Re8 11. Bd2 e5 12. dxe5 Nxe5 13. Nxf6+ Bxf6 14. Nxe5
Rxe5 15. Qf1 Qd6 16. Be3 Rh5 17. h3 Be5 18. Rad1 Bh2+ 19. Kh1 Rxh3 20. Be4 Bg1+
0-1

[Event "Eving- Kupferdreh"]
[Site "?"]
[Date "2023.03.19"]
[Round "6.6"]
[White "Regber, Werner"]
[Black "Zagrabski, Kevin"]
[Result "1-0"]
[WhiteElo "1780"]
[BlackElo "1949"]
[PlyCount "115"]
[SourceDate "2022.10.02"]

1. Nf3 d5 2. d4 Nf6 3. c4 c6 4. cxd5 cxd5 5. Nc3 Nc6 6. e3 a6 7. Ne5 Qc7 8. Qa4
Rb8 9. Nxc6 Qxc6 10. Qxc6+ bxc6 11. Bd3 e6 12. O-O c5 13. dxc5 Bxc5 14. b3 O-O
15. Na4 Bd6 16. Bb2 Nd7 17. Rac1 Bb7 18. Rc2 f5 19. Rfc1 Ra8 20. Bd4 e5 21. Bc5
Nxc5 22. Nxc5 Bc8 23. b4 Rf6 24. Bf1 Bxc5 25. Rxc5 Bb7 26. Rc7 Rb8 27. Re7 e4
28. Rcc7 Bc8 29. Rxg7+ Kf8 30. Rxh7 Kg8 31. Rhe7 f4 32. Re8+ Rf8 33. Rxf8+ Kxf8
34. a3 a5 35. bxa5 Ra8 36. Rc5 Be6 37. a6 Ke7 38. Rb5 Kf6 39. Rb6 Kf5 40. h4
fxe3 41. fxe3 Bf7 42. Be2 Be8 43. g4+ Ke5 44. h5 Ba4 45. Rb4 Bc2 46. Rd4 Bd3
47. Bxd3 exd3 48. Rxd3 Rxa6 49. Kg2 Ke4 50. Rd4+ Kxe3 51. Rxd5 Rxa3 52. Rf5 Ke4
53. h6 Ra2+ 54. Kg3 Ra3+ 55. Kh4 Ra1 56. Kg5 Rg1 57. h7 Rh1 58. Kg6 1-0

[Event "Eving- Kupferdreh"]
[Site "?"]
[Date "2023.03.19"]
[Round "6.7"]
[White "Stein, Daniel"]
[Black "Schacht, Juergen"]
[Result "1/2-1/2"]
[WhiteElo "1667"]
[BlackElo "1524"]
[PlyCount "83"]
[SourceDate "2022.10.02"]

1. d4 d5 2. c4 c6 3. cxd5 cxd5 4. Bf4 Nc6 5. e3 Nf6 6. Nc3 a6 7. Bd3 e6 8. a3
Bd6 9. Bxd6 Qxd6 10. f4 b5 11. b4 Bd7 12. Nf3 Ng4 13. Qd2 f5 14. Ne5 Nf6 15.
Qe2 O-O 16. O-O Ne4 17. Rac1 Rac8 18. Bxe4 fxe4 19. Nxd7 Qxd7 20. g4 Ne7 21.
Qg2 Rf6 22. Qe2 Ng6 23. Qf2 Rff8 24. Qg3 Ne7 25. Rf2 Rf7 26. Rfc2 Rc4 27. Ne2
Rf8 28. Rxc4 bxc4 29. Nc3 Nc8 30. Qg2 Nb6 31. h3 h6 32. Qc2 g6 33. Ne2 Rd8 34.
Nc3 Kg7 35. Kh1 Rf8 36. Ne2 Qe7 37. Nc3 Qh4 38. Qh2 Qe7 39. Qc2 Qd7 40. Kg2 Ra8
41. Rf1 Rf8 42. Qd1 1/2-1/2

[Event "SV Bönen 1 - Hervest-Dorstener SK 1"]
[Site "Verbandsliga - Gr. 1 2022/23"]
[Date "2023.04.16"]
[Round "7.2"]
[White "Mönkemeyer, Maik"]
[Black "Nowok, Frank"]
[Result "1/2-1/2"]
[WhiteElo "1874"]
[BlackElo "1888"]
[PlyCount "58"]
[EventDate "2023.04.16"]
[SourceDate "2022.10.02"]
[WhiteTeam "SV BÃ¶nen 1"]
[BlackTeam "Hervest-Dorstener SK 1"]

1. d4 Nf6 2. Bg5 d5 3. Bxf6 exf6 4. e3 Bd6 5. c4 O-O 6. Nc3 dxc4 7. Bxc4 Nc6 8.
Nf3 Bg4 9. O-O a6 10. a3 Qe7 11. h3 Bf5 12. Nh4 Bd7 13. Qf3 Na5 14. Bd3 Nb3 15.
Rad1 Bc6 16. Qg4 Bd7 17. Bf5 h5 18. Qxh5 Bxf5 19. Nxf5 Qe6 20. Qg4 g6 21. Nh6+
Kg7 22. Qxe6 fxe6 23. Ng4 Be7 24. Rd3 Na5 25. b4 Nc4 26. Na4 f5 27. Nh2 Rfd8
28. Nc5 Bxc5 29. bxc5 b5 1/2-1/2

[Event "SV Bönen 1 - Hervest-Dorstener SK 1"]
[Site "Verbandsliga - Gr. 1 2022/23"]
[Date "2023.04.16"]
[Round "7.3"]
[White "Hermanowski, Mark"]
[Black "Merz, Martin"]
[Result "1/2-1/2"]
[WhiteElo "1864"]
[BlackElo "1971"]
[PlyCount "72"]
[EventDate "2023.04.16"]
[SourceDate "2022.10.02"]
[WhiteTeam "Hervest-Dorstener SK 1"]
[BlackTeam "SV BÃ¶nen 1"]

1. e4 c5 2. f4 d5 3. Nf3 dxe4 4. Ng5 Nf6 5. Bc4 e6 6. Nc3 a6 7. a4 Nc6 8. Ncxe4
h6 9. Nxf6+ Qxf6 10. Ne4 Qxf4 11. d3 Qh4+ 12. g3 Qh3 13. Qe2 Nd4 14. Qf2 f5 15.
c3 fxe4 16. cxd4 cxd4 17. dxe4 Bb4+ 18. Kd1 Rf8 19. Qxd4 Rf7 20. Bb5+ axb5 21.
Qxb4 Bd7 22. Bd2 Bc6 23. Kc2 Rxa4 24. Rxa4 bxa4 25. Re1 Qxh2 26. Qd6 Rd7 27.
Qxe6+ Kd8 28. Rd1 a3 29. bxa3 Ba4+ 30. Kc1 Rc7+ 31. Kb1 Bc2+ 32. Ka1 Bxd1 33.
Qg8+ Kd7 34. Qd5+ Ke8 35. Qg8+ Kd7 36. Qd5+ Ke8 1/2-1/2

[Event "SV Bönen 1 - Hervest-Dorstener SK 1"]
[Site "Verbandsliga - Gr. 1 2022/23"]
[Date "2023.04.16"]
[Round "7.4"]
[White "Helmert, Jochen"]
[Black "Vengels, Joachim"]
[Result "1/2-1/2"]
[WhiteElo "1892"]
[BlackElo "1984"]
[PlyCount "59"]
[EventDate "2023.04.16"]
[SourceDate "2022.10.02"]
[WhiteTeam "SV BÃ¶nen 1"]
[BlackTeam "Hervest-Dorstener SK 1"]

1. e4 c6 2. d4 d5 3. exd5 cxd5 4. c4 Nf6 5. Nc3 Nc6 6. Nf3 a6 7. h3 Bf5 8. a3
dxc4 9. Bxc4 e6 10. O-O Be7 11. d5 exd5 12. Nxd5 O-O 13. Nxe7+ Qxe7 14. Be3
Rfd8 15. Qe1 Qc7 16. Rc1 Re8 17. b4 Be6 18. Bxe6 Rxe6 19. Nd4 Ree8 20. Nxc6
bxc6 21. Qd1 Qb7 22. Qf3 Nd5 23. Bd4 Re6 24. Rfe1 Rae8 25. Rxe6 Rxe6 26. g3 h6
27. Qg4 Rg6 28. Qe4 Re6 29. Qg4 Rg6 30. Qe4 1/2-1/2

[Event "SV Bönen 1 - Hervest-Dorstener SK 1"]
[Site "Verbandsliga - Gr. 1 2022/23"]
[Date "2023.04.16"]
[Round "7.5"]
[White "Büsken, Klaus"]
[Black "Wegner, Stephan"]
[Result "1/2-1/2"]
[WhiteElo "1844"]
[BlackElo "1791"]
[PlyCount "51"]
[EventDate "2023.04.16"]
[SourceDate "2022.10.02"]
[WhiteTeam "Hervest-Dorstener SK 1"]
[BlackTeam "SV BÃ¶nen 1"]

1. Nf3 Nf6 2. b3 g6 3. Bb2 Bg7 4. c4 c5 5. g3 O-O 6. Bg2 d6 7. O-O e5 8. d3 Nc6
9. Nc3 h6 10. e3 Be6 11. Ne2 Qd7 12. d4 e4 13. Nd2 Bf5 14. a3 Rfe8 15. Qc2 Qe7
16. Nf4 cxd4 17. Nd5 Nxd5 18. cxd5 d3 19. Qb1 Nb8 20. Bxg7 Kxg7 21. g4 Bxg4 22.
Bxe4 Qg5 23. f4 Qe7 24. Qxd3 Nd7 25. Rfe1 Nf6 26. Bg2 1/2-1/2

[Event "SV Bönen 1 - Hervest-Dorstener SK 1"]
[Site "Verbandsliga - Gr. 1 2022/23"]
[Date "2023.04.16"]
[Round "7.6"]
[White "Lenz, Guntram"]
[Black "Hater, Norbert"]
[Result "1/2-1/2"]
[WhiteElo "1814"]
[BlackElo "1843"]
[PlyCount "46"]
[EventDate "2023.04.16"]
[SourceDate "2022.10.02"]
[WhiteTeam "SV BÃ¶nen 1"]
[BlackTeam "Hervest-Dorstener SK 1"]

1. d4 g6 2. c4 Bg7 3. Nc3 d6 4. e4 Nc6 5. Be3 e5 6. Nge2 f5 7. dxe5 Nxe5 8. Nf4
Ne7 9. f3 O-O 10. Qd2 a6 11. Be2 Qe8 12. Nfd5 Nxd5 13. Nxd5 Rf7 14. exf5 Bxf5
15. O-O Nc6 16. Rfe1 Qf8 17. Rac1 Re8 18. Kh1 Be6 19. Nf4 Rfe7 20. Bd3 Bf7 21.
Be4 Re5 22. Nd5 Rc8 23. b3 Kh8 1/2-1/2

[Event "SV Bönen 1 - Hervest-Dorstener SK 1"]
[Site "Verbandsliga - Gr. 1 2022/23"]
[Date "2023.04.16"]
[Round "7.7"]
[White "Nashir, Ramin"]
[Black "Volling, Andreas"]
[Result "1-0"]
[WhiteElo "1605"]
[BlackElo "1796"]
[PlyCount "87"]
[EventDate "2023.04.16"]
[SourceDate "2022.10.02"]
[WhiteTeam "Hervest-Dorstener SK 1"]
[BlackTeam "SV BÃ¶nen 1"]

1. Nf3 d5 2. g3 c5 3. Bg2 Nc6 4. d4 e6 5. O-O Nf6 6. c4 cxd4 7. Nxd4 Qb6 8. Nb5
dxc4 9. Nd6+ Bxd6 10. Qxd6 Nd4 11. Qxb6 axb6 12. Na3 Nxe2+ 13. Kh1 c3 14. Nb5
O-O 15. Nxc3 Nxc1 16. Raxc1 Ra5 17. Rfd1 Rc5 18. Na4 Rxc1 19. Rxc1 Nd7 20. Rc7
b5 21. Nc3 b4 22. Nb5 Nb6 23. Nd6 Rd8 24. Nxc8 Nxc8 25. Bxb7 Nd6 26. Bf3 Rb8
27. Kg2 Nf5 28. Rb7 Rxb7 29. Bxb7 Kf8 30. a3 bxa3 31. bxa3 Ke7 32. Kf3 Kd7 33.
Be4 Nd4+ 34. Ke3 e5 35. Kd3 Kd6 36. Kc4 f5 37. Bg2 g5 38. a4 Ne6 39. Kb5 Nd4+
40. Kb6 e4 41. a5 Ne6 42. a6 Nc7 43. a7 h6 44. g4 1-0

[Event "SV Bönen 1 - Hervest-Dorstener SK 1"]
[Site "Verbandsliga - Gr. 1 2022/23"]
[Date "2023.04.16"]
[Round "7.8"]
[White "Rudlof, JÃ¼rgen"]
[Black "Schmidt, Christian"]
[Result "0-1"]
[WhiteElo "1696"]
[BlackElo "1660"]
[PlyCount "82"]
[EventDate "2023.04.16"]
[SourceDate "2022.10.02"]
[WhiteTeam "SV BÃ¶nen 1"]
[BlackTeam "Hervest-Dorstener SK 1"]

1. e4 g6 2. d4 Bg7 3. Nf3 c5 4. c3 d5 5. e5 Nc6 6. Be2 Bg4 7. Nbd2 e6 8. h3
Bxf3 9. Nxf3 Nge7 10. g4 Qa5 11. Bd2 Qb6 12. Qa4 O-O 13. O-O cxd4 14. cxd4 h6
15. Rab1 f6 16. exf6 Rxf6 17. Bc3 g5 18. Rbd1 Ng6 19. Ne5 Ngxe5 20. dxe5 Rf4
21. Qa3 Bf8 22. Qb3 Qxb3 23. axb3 Bc5 24. Bb5 Raf8 25. Be1 Nxe5 26. Be2 Kf7 27.
Rc1 Bb6 28. Kg2 Nc6 29. Bb5 Rc8 30. Bd2 Rf6 31. h4 gxh4 32. Bxh6 Rxh6 33. g5
Rhh8 34. Be2 e5 35. Bg4 Rcd8 36. f4 e4 37. f5 Rdg8 38. g6+ Kf6 39. Rc3 d4 40.
Rh3 e3 41. Be2 Ne5 0-1

[Event "Katernberg 3- Horst Emscher 2"]
[Site "?"]
[Date "2023.04.16"]
[Round "7.1"]
[White "Schorra, Helmut"]
[Black "Rosen, Willy"]
[Result "1/2-1/2"]
[WhiteElo "2108"]
[BlackElo "2100"]
[PlyCount "60"]
[SourceDate "2022.10.02"]

1. e4 c5 2. Nf3 Nc6 3. d4 cxd4 4. Nxd4 Qb6 5. Nb3 Nf6 6. Nc3 e6 7. Qe2 Bb4 8.
Bd2 O-O 9. a3 Bxc3 10. Bxc3 e5 11. O-O-O Rd8 12. f3 d6 13. Nd2 Be6 14. Qe1 Rac8
15. Bc4 d5 16. exd5 Bxd5 17. Bd3 Be6 18. Nc4 Bxc4 19. Bxc4 Rxd1+ 20. Qxd1 Qc5
21. Ba2 b5 22. f4 b4 23. axb4 Nxb4 24. Bb3 Qa5 25. Kb1 Nfd5 26. Bxd5 Rxc3 27.
Bxf7+ Kxf7 28. Qd7+ Kf8 29. Qd6+ Kf7 30. Qd7+ Kf8 1/2-1/2

[Event "Katernberg 3- Horst Emscher 2"]
[Site "?"]
[Date "2023.04.16"]
[Round "7.2"]
[White "Struck, Lasse"]
[Black "Wilbert, Siegfried"]
[Result "1/2-1/2"]
[WhiteElo "1933"]
[BlackElo "1989"]
[PlyCount "81"]
[SourceDate "2022.10.02"]

1. d4 Nf6 2. c4 g6 3. Nc3 Bg7 4. e4 d6 5. Be2 O-O 6. Be3 Nc6 7. d5 Ne5 8. f4
Neg4 9. Bc1 h5 10. h3 Nh6 11. Nf3 e6 12. O-O exd5 13. cxd5 Re8 14. Bd3 c6 15.
dxc6 bxc6 16. e5 Qb6+ 17. Kh2 dxe5 18. fxe5 Nd5 19. Nxd5 cxd5 20. Qb3 Bf5 21.
Qxb6 axb6 22. Bb5 Rec8 23. Bf4 Rc2 24. a4 Rxb2 25. Rad1 Be4 26. Rd2 Rb4 27. Ng5
Nf5 28. Bc6 Rc8 29. Bxd5 Bxd5 30. Rxd5 Rxa4 31. g3 h4 32. gxh4 Rc2+ 33. Kg1
Raa2 34. Rd8+ Bf8 35. e6 Rg2+ 36. Kh1 f6 37. e7 Nxe7 38. Ne6 Kf7 39. Nxf8 Rge2
40. Nd7 Nd5 41. Ne5+ 1/2-1/2

[Event "Katernberg 3- Horst Emscher 2"]
[Site "?"]
[Date "2023.04.16"]
[Round "7.3"]
[White "Tobczewski, Peter"]
[Black "Krueger, Erich"]
[Result "0-1"]
[WhiteElo "1971"]
[BlackElo "2127"]
[PlyCount "62"]
[SourceDate "2022.10.02"]

1. e4 c6 2. d4 d5 3. exd5 cxd5 4. c4 Nf6 5. Nc3 Nc6 6. Bg5 Be6 7. c5 Ne4 8.
Nxe4 dxe4 9. Be3 g6 10. Qd2 Bg7 11. Bb5 O-O 12. Bxc6 bxc6 13. Ne2 Bc4 14. O-O
e5 15. Rfd1 f5 16. dxe5 Qxd2 17. Rxd2 Bxe5 18. Bf4 Bg7 19. Nd4 Bd5 20. b3 a5
21. Rb1 Rf7 22. h3 h6 23. a3 g5 24. Bd6 f4 25. Nc2 Bc3 26. Rxd5 cxd5 27. b4
axb4 28. axb4 d4 29. b5 d3 30. Ne1 d2 31. Nc2 Ra2 0-1

[Event "Katernberg 3- Horst Emscher 2"]
[Site "?"]
[Date "2023.04.16"]
[Round "7.4"]
[White "Gallas, Noel"]
[Black "Schreiner, Paulo"]
[Result "1-0"]
[WhiteElo "1893"]
[BlackElo "1891"]
[PlyCount "63"]
[SourceDate "2022.10.02"]

1. e4 e5 2. Nc3 Nf6 3. g3 d5 4. exd5 Nxd5 5. Bg2 Nxc3 6. bxc3 Bd7 7. Bxb7 Nc6
8. Qf3 Bc5 9. Bxc6 O-O 10. Bxd7 Qxd7 11. Ne2 Rae8 12. O-O f5 13. Qd3 Qf7 14.
Qb5 Bd6 15. Qb3 Re6 16. d4 f4 17. dxe5 fxg3 18. hxg3 Bxe5 19. Bf4 Bf6 20. Nd4
Bxd4 21. cxd4 h5 22. Rfe1 Rfe8 23. Rxe6 Rxe6 24. d5 Rb6 25. Qc4 Rg6 26. Rd1 h4
27. Qxc7 Qf5 28. Qd8+ Kh7 29. Qxh4+ Kg8 30. Re1 Rg4 31. Re8+ Kf7 32. Qe7+ 1-0

[Event "Katernberg 3- Horst Emscher 2"]
[Site "?"]
[Date "2023.04.16"]
[Round "7.5"]
[White "Konietzka, Bernd"]
[Black "Geerlings, Gerd"]
[Result "1/2-1/2"]
[WhiteElo "2015"]
[BlackElo "2320"]
[PlyCount "78"]
[SourceDate "2022.10.02"]

1. e4 c5 2. Nf3 Nf6 3. Nc3 d5 4. e5 Ne4 5. Bb5+ Bd7 6. Qe2 Nxc3 7. Bxd7+ Qxd7
8. bxc3 e6 9. O-O Nc6 10. d3 Be7 11. Rd1 Qc7 12. h3 h6 13. Bf4 g5 14. Bc1 O-O-O
15. Bb2 Rdg8 16. c4 dxc4 17. d4 Nb4 18. Qxc4 g4 19. hxg4 Rxg4 20. a3 Qc6 21.
Ne1 Rhg8 22. f3 Rxg2+ 23. Nxg2 Qxf3 24. Qf1 Qe3+ 25. Qf2 Qh3 26. axb4 Bh4 27.
Qf1 Bg3 28. Qf3 Rg5 29. Qe4 Rf5 30. Qxf5 Qh2+ 31. Kf1 Qh1+ 32. Ke2 Qxg2+ 33.
Kd3 exf5 34. bxc5 Qf3+ 35. Kc4 Qe4 36. Kc3 a6 37. Rd3 f4 38. Rf1 h5 39. Bc1 h4
1/2-1/2

[Event "Katernberg 3- Horst Emscher 2"]
[Site "?"]
[Date "2023.04.16"]
[Round "7.6"]
[White "Sauer, Bernd"]
[Black "Rydzewski, Klaus"]
[Result "1/2-1/2"]
[WhiteElo "1865"]
[BlackElo "2081"]
[PlyCount "84"]
[SourceDate "2022.10.02"]

1. d4 e6 2. c4 f5 3. Nc3 d5 4. cxd5 exd5 5. Nf3 Nf6 6. Bf4 Bd6 7. e3 O-O 8. Bd3
c6 9. Qc2 Ne4 10. O-O Qe7 11. Bxd6 Qxd6 12. a3 Nd7 13. b4 Kh8 14. b5 c5 15.
dxc5 Ndxc5 16. Rfd1 Be6 17. Bxe4 fxe4 18. Nxe4 Nxe4 19. Qxe4 Qb6 20. Qb4 Rf6
21. Rac1 Raf8 22. Rd2 Qd8 23. Ng5 Bg8 24. f4 Qe8 25. Rd3 h6 26. Nf3 Bh7 27. Rb3
Be4 28. Rf1 Qg6 29. Qd2 a6 30. Ne5 Qe8 31. Qb2 axb5 32. Rxb5 Bd3 33. Nxd3 Qxe3+
34. Nf2 Rxf4 35. Rxb7 d4 36. g3 Rxf2 37. Rxf2 Qe1+ 38. Kg2 Qe4+ 39. Kg1 Qe1+
40. Kg2 Qe4+ 41. Kh3 Qe6+ 42. Kg2 Qe4+ 1/2-1/2

[Event "Katernberg 3- Horst Emscher 2"]
[Site "?"]
[Date "2023.04.16"]
[Round "7.7"]
[White "Rohsiepe, Sebastian"]
[Black "Blome, Simon"]
[Result "0-1"]
[WhiteElo "1661"]
[BlackElo "1913"]
[PlyCount "134"]
[SourceDate "2022.10.02"]

1. e4 e6 2. d4 d5 3. exd5 exd5 4. Nf3 Bd6 5. Nc3 c6 6. Be2 Nf6 7. h3 Nbd7 8.
O-O O-O 9. Re1 Re8 10. a3 Nf8 11. Be3 Ng6 12. Qc1 Qc7 13. Bd3 Bd7 14. Ne2 Ne4
15. c4 dxc4 16. Qxc4 Be6 17. Qc2 Bd5 18. Bc4 Nf6 19. Bxd5 Nxd5 20. Nc3 Nf6 21.
Rac1 Rac8 22. Qf5 Ne7 23. Qc2 Ned5 24. Bg5 Bf4 25. Nxd5 Nxd5 26. Bxf4 Qxf4 27.
Qd2 Qxd2 28. Nxd2 Nf4 29. Rxe8+ Rxe8 30. Kf1 Nd3 31. Rb1 Nf4 32. Nf3 f6 33. b4
Kf7 34. b5 cxb5 35. Rxb5 Re7 36. h4 Rc7 37. g3 a6 38. Rb3 Nd5 39. Ke1 b5 40.
Kd2 Nb6 41. Rc3 Rxc3 42. Kxc3 Nd5+ 43. Kb3 Ke6 44. Nd2 Ne7 45. Kc3 Kd5 46. Kd3
Nc6 47. Nf3 a5 48. g4 b4 49. axb4 Nxb4+ 50. Kc3 Nc6 51. g5 f5 52. h5 g6 53. h6
a4 54. Nh4 Ne7 55. Nf3 f4 56. Kb4 Ke4 57. Nh4 Kxd4 58. Kxa4 Kd3 59. Kb5 Ke2 60.
f3 Kf2 61. Kc5 Kg3 62. Nxg6 Nxg6 63. Kd6 Kxf3 64. Ke6 Kg4 65. Kf6 f3 66. Kg7
Kxg5 67. Kxh7 f2 0-1